[Event "CYCC U16U18 w"]
[Site "Regina CAN"]
[Date "2019.07.07"]
[Round "2.71"]
[White "Wang, Isabelle"]
[Black "Cao, Yingying (Lucy)"]
[Result "0-1"]
[WhiteElo "1615"]
[BlackElo "1818"]
[PlyCount "78"]
[EventDate "2019.07.07"]
[EventType "tourn"]
[EventRounds "6"]
[EventCountry "CAN"]

1. e4 c5 2. Nf3 d6 3. d4 Nf6 4. Nc3 cxd4 5. Nxd4 Nc6 6. Be3 e5 7. Nb3 h6 8. Be2
Be7 9. O-O O-O 10. f4 a5 11. a4 Nb4 12. Bf3 exf4 13. Bxf4 Be6 14. Nd4 Rc8 15.
Qd2 d5 16. Nxe6 fxe6 17. exd5 exd5 18. Rac1 d4 19. Nb5 Nfd5 20. Bxd5+ Qxd5 21.
c3 dxc3 22. Nxc3 Qxd2 23. Bxd2 Nd3 24. Rxf8+ Rxf8 25. Rb1 Bc5+ 26. Kh1 Nf2+ 27.
Kg1 Ne4+ 28. Kh1 Nxd2 29. Rd1 Rf1+ 30. Rxf1 Nxf1 31. g3 Ne3 32. h3 Bd4 33. Nb5
Bxb2 34. Nd6 b6 35. Nc8 Bd4 36. Ne7+ Kf7 37. Nc6 Bc5 38. Kh2 Nc4 39. Kg2 Nb2
0-1

[Event "CYCC U16U18 w"]
[Site "Regina CAN"]
[Date "2019.07.07"]
[Round "2.72"]
[White "Demchenko, Svitlana"]
[Black "Botez, Andrea"]
[Result "1-0"]
[WhiteElo "2307"]
[BlackElo "1899"]
[PlyCount "79"]
[EventDate "2019.07.07"]
[EventType "tourn"]
[EventRounds "6"]
[EventCountry "CAN"]

1. d4 Nf6 2. c4 g6 3. Nc3 Bg7 4. e4 O-O 5. Be3 d6 6. h3 e5 7. d5 a5 8. g4 Na6
9. Nge2 h5 10. f3 Nh7 11. gxh5 Qh4+ 12. Bf2 Qxh5 13. Ng3 Qh6 14. h4 f5 15. h5
Qf4 16. hxg6 Ng5 17. Bg2 fxe4 18. Ncxe4 Nxf3+ 19. Bxf3 Qxf3 20. Qxf3 Rxf3 21.
O-O-O Nb4 22. Kb1 Nd3 23. Rd2 Nxf2 24. Rxf2 Bg4 25. Rxf3 Bxf3 26. Re1 Rf8 27.
Ng5 Rf6 28. Nxf3 Rxf3 29. Ne4 Bh6 30. c5 Bf8 31. c6 b6 32. Ng5 Rf6 33. Ne6 Bh6
34. Nxc7 Rf8 35. Ne6 Rc8 36. Rh1 Bg7 37. Rh7 Bf6 38. Rf7 Bh8 39. Rf8+ Rxf8 40.
Nxf8 1-0

[Event "CYCC U16U18 w"]
[Site "Regina CAN"]
[Date "2019.07.08"]
[Round "3.71"]
[White "Botez, Andrea"]
[Black "Wang, Isabelle"]
[Result "1/2-1/2"]
[WhiteElo "1899"]
[BlackElo "1615"]
[PlyCount "101"]
[EventDate "2019.07.07"]
[EventType "tourn"]
[EventRounds "6"]
[EventCountry "CAN"]

1. d4 d5 2. Bf4 e6 3. e3 Nf6 4. Nf3 Be7 5. Nbd2 O-O 6. Bd3 b6 7. h3 Bb7 8. O-O
c5 9. c3 Nbd7 10. a4 a6 11. Qe2 c4 12. Bc2 b5 13. axb5 axb5 14. e4 Nb6 15. Ng5
dxe4 16. Ndxe4 Nfd5 17. Qh5 h6 18. Nxe6 fxe6 19. Bxh6 Qe8 20. Qg4 Qf7 21. Rae1
Bc8 22. Qg3 Kh8 23. Bg5 Bxg5 24. Nxg5 Qf4 25. Qxf4 Nxf4 26. g3 Nd3 27. Bxd3
cxd3 28. Rd1 Nc4 29. Rxd3 Nxb2 30. Re3 Nc4 31. Re2 Ra6 32. Rb1 Rb6 33. Rbe1 Re8
34. f4 Rf8 35. Nxe6 Bxe6 36. Rxe6 Rbb8 37. Kf2 b4 38. cxb4 Rxb4 39. d5 Rd8 40.
Re8+ Rxe8 41. Rxe8+ Kh7 42. Rd8 Rb3 43. h4 Rd3 44. Ke2 Rxg3 45. Rc8 Nd6 46. Rc6
Nf5 47. Kd2 Rf3 48. Rc4 Rh3 49. Ra4 Rg3 50. Ke2 Rh3 51. Kf2 1/2-1/2

[Event "CYCC U16U18 w"]
[Site "Regina CAN"]
[Date "2019.07.08"]
[Round "3.72"]
[White "Cao, Yingying (Lucy)"]
[Black "Demchenko, Svitlana"]
[Result "1/2-1/2"]
[WhiteElo "1818"]
[BlackElo "2307"]
[PlyCount "73"]
[EventDate "2019.07.07"]
[EventType "tourn"]
[EventRounds "6"]
[EventCountry "CAN"]

1. e4 c5 2. Nc3 Nc6 3. Bb5 Nd4 4. Nf3 Nxb5 5. Nxb5 g6 6. d4 Bg7 7. O-O a6 8.
Nc3 cxd4 9. Nxd4 d6 10. Be3 Nf6 11. a4 O-O 12. f3 b6 13. Qd2 Bb7 14. Nce2 Qc7
15. Rfc1 d5 16. e5 Nd7 17. e6 Nc5 18. exf7+ Rxf7 19. b4 e5 20. bxc5 exd4 21.
Nxd4 bxc5 22. Ne6 Qc6 23. Nxg7 Kxg7 24. c3 Kg8 25. a5 Re8 26. Rab1 Qa4 27. Ra1
Qc4 28. Rab1 Rfe7 29. Bh6 Bc6 30. Re1 Re2 31. Rxe2 Qxe2 32. Qxe2 Rxe2 33. Rb6
Bb5 34. Rf6 Re8 35. Rd6 Re5 36. Rf6 Re8 37. Rd6 1/2-1/2

[Event "CYCC U16U18 w"]
[Site "Regina CAN"]
[Date "2019.07.08"]
[Round "4.71"]
[White "Wang, Isabelle"]
[Black "Demchenko, Svitlana"]
[Result "1/2-1/2"]
[WhiteElo "1615"]
[BlackElo "2307"]
[PlyCount "115"]
[EventDate "2019.07.07"]
[EventType "tourn"]
[EventRounds "6"]
[EventCountry "CAN"]

1. e4 c5 2. Nf3 e6 3. d4 cxd4 4. Nxd4 a6 5. Be2 Nf6 6. Nc3 Qc7 7. a3 Nc6 8. Be3
Be7 9. O-O O-O 10. Qd2 Ne5 11. Nb3 b5 12. f4 Nc4 13. Bxc4 bxc4 14. Nd4 Ng4 15.
Kh1 Nxe3 16. Qxe3 Bc5 17. Nce2 Bb7 18. e5 f6 19. Qg3 Rf7 20. Nf3 Raf8 21. exf6
Rxf6 22. Rad1 Bd6 23. Qe1 Bxf4 24. Nxf4 Rxf4 25. Qe2 Bd5 26. Nd2 c3 27. bxc3
Qxc3 28. Rxf4 Rxf4 29. Qd3 Qxd3 30. cxd3 Rd4 31. Nf3 Bxf3 32. gxf3 e5 33. Kg2
Kf7 34. Kf2 Ke6 35. Ke3 Ra4 36. Rg1 g6 37. Ra1 Kf5 38. Rb1 Rxa3 39. Rb7 Ke6 40.
Rb6+ d6 41. Rb7 h5 42. Rg7 Ra2 43. Rxg6+ Kd5 44. h3 Rh2 45. Rg1 Kc6 46. Rc1+
Kb7 47. Rb1+ Ka7 48. d4 exd4+ 49. Kxd4 Rxh3 50. Rf1 Rh2 51. f4 Rd2+ 52. Ke4 d5+
53. Ke5 d4 54. f5 d3 55. f6 Re2+ 56. Kd6 d2 57. Rd1 Rf2 58. Ke7 1/2-1/2

[Event "CYCC U16U18 w"]
[Site "Regina CAN"]
[Date "2019.07.08"]
[Round "4.72"]
[White "Cao, Yingying (Lucy)"]
[Black "Botez, Andrea"]
[Result "0-1"]
[WhiteElo "1818"]
[BlackElo "1899"]
[PlyCount "72"]
[EventDate "2019.07.07"]
[EventType "tourn"]
[EventRounds "6"]
[EventCountry "CAN"]

1. e4 c5 2. Nf3 g6 3. d4 cxd4 4. Nxd4 Bg7 5. c4 Nc6 6. Be3 Nf6 7. Nc3 d6 8. Be2
O-O 9. O-O Bd7 10. Rc1 Nxd4 11. Bxd4 Bc6 12. f3 a5 13. Na4 Bxa4 14. Qxa4 Nxe4
15. Bxg7 Nc5 16. Qb5 Kxg7 17. f4 Ra6 18. Rc2 Qc7 19. b4 axb4 20. Qxb4 Rfa8 21.
Qb1 f6 22. Bf3 Rb6 23. Qd1 Ra3 24. Rff2 Nd3 25. Rf1 Nxf4 26. Qc1 Qc5+ 27. Kh1
Nd3 28. Qd2 Ne5 29. Bd5 Rd3 30. Qc1 Rb4 31. Rb2 Rxb2 32. Qxb2 b5 33. a4 Nxc4
34. Bxc4 Qxc4 35. Qe2 Re3 36. Qf2 bxa4 0-1

[Event "CYCC U16U18 w"]
[Site "Regina CAN"]
[Date "2019.07.09"]
[Round "5.71"]
[White "Cao, Yingying (Lucy)"]
[Black "Wang, Isabelle"]
[Result "1-0"]
[WhiteElo "1818"]
[BlackElo "1615"]
[PlyCount "101"]
[EventDate "2019.07.07"]
[EventType "tourn"]
[EventRounds "6"]
[EventCountry "CAN"]

1. e4 e5 2. Nf3 Nc6 3. Bc4 Bc5 4. c3 Nf6 5. d4 exd4 6. e5 d5 7. Be2 Ne4 8. cxd4
Be7 9. O-O O-O 10. Nc3 Nxc3 11. bxc3 f6 12. exf6 Bxf6 13. Nd2 Ne7 14. f4 Nf5
15. Nf3 Nd6 16. Bd3 Bf5 17. Bxf5 Nxf5 18. Ne5 Bxe5 19. fxe5 Ne7 20. Ba3 Rxf1+
21. Qxf1 Rc8 22. e6 Ng6 23. Qf7+ Kh8 24. Rf1 Qg8 25. Qd7 Qd8 26. Qxd8+ Rxd8 27.
e7 Rg8 28. Rf8 Nxe7 29. Bxe7 Rxf8 30. Bxf8 Kg8 31. Bb4 Kf7 32. Kf2 Kf6 33. Ke3
Kf5 34. a4 h5 35. Kd3 g5 36. c4 dxc4+ 37. Kxc4 Ke4 38. Bc5 a6 39. a5 Ke3 40.
Be7 g4 41. Bd8 Kf2 42. Bxc7 Kxg2 43. d5 h4 44. d6 g3 45. hxg3 h3 46. d7 h2 47.
d8=Q h1=Q 48. Qd5+ Kh2 49. g4+ Kg1 50. Qxh1+ Kxh1 51. g5 1-0

[Event "CYCC U16U18 w"]
[Site "Regina CAN"]
[Date "2019.07.09"]
[Round "5.72"]
[White "Botez, Andrea"]
[Black "Demchenko, Svitlana"]
[Result "1/2-1/2"]
[WhiteElo "1899"]
[BlackElo "2307"]
[PlyCount "115"]
[EventDate "2019.07.07"]
[EventType "tourn"]
[EventRounds "6"]
[EventCountry "CAN"]

1. d4 Nf6 2. Bf4 g6 3. e3 Bg7 4. Nf3 d6 5. Be2 Nbd7 6. h3 O-O 7. O-O b6 8. c3
Bb7 9. a4 a6 10. Nbd2 Qe8 11. Nc4 Ne4 12. Nfd2 Nxd2 13. Qxd2 e5 14. Bg3 f5 15.
Bd3 g5 16. dxe5 dxe5 17. b4 f4 18. Bh2 f3 19. Rfd1 Rd8 20. e4 Qh5 21. Ne3 Kh8
22. Nf5 g4 23. h4 Bf6 24. Bg3 Rfe8 25. Qe3 Nf8 26. Bc4 Bc8 27. Nh6 Be6 28. Bxa6
Bxh4 29. Bxh4 Qxh4 30. a5 fxg2 31. Kxg2 Ng6 32. Rh1 Nf4+ 33. Qxf4 Qxh1+ 34.
Kxh1 exf4 35. Bb5 Rf8 36. a6 Kg7 37. Nf5+ Bxf5 38. exf5 Ra8 39. a7 Rf6 40. Bd7
Rd6 41. Be6 Kf6 42. c4 Rxe6 43. fxe6 Kxe6 44. c5 bxc5 45. bxc5 Kd5 46. Ra4 Kxc5
47. Rxf4 Rxa7 48. Rxg4 Ra6 49. Rg5+ Kd4 50. Rg4+ Ke5 51. Rc4 Rh6+ 52. Kg2 c6
53. Kf3 Kd5 54. Rg4 c5 55. Ke3 Re6+ 56. Kd3 Rf6 57. Ke3 h6 58. Rh4 1/2-1/2

[Event "CYCC U16U18 w"]
[Site "Regina CAN"]
[Date "2019.07.09"]
[Round "6.71"]
[White "Wang, Isabelle"]
[Black "Botez, Andrea"]
[Result "0-1"]
[WhiteElo "1615"]
[BlackElo "1899"]
[PlyCount "132"]
[EventDate "2019.07.07"]
[EventType "tourn"]
[EventRounds "6"]
[EventCountry "CAN"]

1. e4 c5 2. Nf3 g6 3. d4 cxd4 4. Nxd4 Bg7 5. c4 Nc6 6. Be3 d6 7. Nc3 Nf6 8. Be2
O-O 9. O-O Bd7 10. Qd2 Nxd4 11. Bxd4 Bc6 12. f3 a5 13. Rab1 Nd7 14. Be3 Nc5 15.
b3 e6 16. Rbd1 Be5 17. Bf4 Qb6 18. Kh1 Rfd8 19. Bxe5 dxe5 20. Qg5 Nd7 21. Rd6
Qb4 22. Qd2 Rdc8 23. Rd1 Kg7 24. Qb2 Nf6 25. a3 Qc5 26. h3 Nh5 27. Kh2 Qf2 28.
Qd2 Qg3+ 29. Kh1 Nf4 30. Bf1 Rab8 31. Ne2 Nxe2 32. Bxe2 Ra8 33. Bf1 h5 34. Rc1
g5 35. Rd1 Kf6 36. Qe1 Qxe1 37. Rxe1 Rd8 38. Red1 Rxd6 39. Rxd6 g4 40. hxg4
hxg4 41. Kh2 Rg8 42. b4 axb4 43. axb4 Ke7 44. c5 g3+ 45. Kh3 f5 46. b5 Bd7 47.
Rb6 Bc8 48. exf5 exf5 49. Rh6 f4+ 50. Kh4 Rg7 51. Bd3 Be6 52. Rh7 Rxh7+ 53.
Bxh7 Bc4 54. c6 bxc6 55. bxc6 Bd5 56. Bd3 Bxc6 57. Kg4 Kf6 58. Bf5 Bxf3+ 59.
Kxf3 Kxf5 60. Ke2 Ke4 61. Kf1 Ke3 62. Kg1 Kd2 63. Kf1 e4 64. Kg1 e3 65. Kf1 e2+
66. Kg1 e1=Q# 0-1

[Event "CYCC U16U18 w"]
[Site "Regina CAN"]
[Date "2019.07.09"]
[Round "6.72"]
[White "Demchenko, Svitlana"]
[Black "Cao, Yingying (Lucy)"]
[Result "1-0"]
[WhiteElo "2307"]
[BlackElo "1818"]
[PlyCount "33"]
[EventDate "2019.07.07"]
[EventType "tourn"]
[EventRounds "6"]
[EventCountry "CAN"]

1. e4 c5 2. Nf3 d6 3. d4 Nf6 4. Nc3 cxd4 5. Nxd4 Nc6 6. Bg5 Qa5 7. Bb5 Bd7 8.
Nb3 Qd8 9. O-O h6 10. Be3 a6 11. Be2 e5 12. a4 a5 13. f3 Be7 14. Nd5 Nxd5 15.
exd5 Nb8 16. f4 f6 17. Bh5+ 1-0

[Event "CYCC U18"]
[Site "Regina CAN"]
[Date "2019.07.07"]
[Round "1.131"]
[White "Dokjnas, Joshua"]
[Black "Anandji, Aaron"]
[Result "1-0"]
[WhiteElo "2349"]
[BlackElo "1293"]
[PlyCount "41"]
[EventDate "2019.07.07"]
[EventType "tourn"]
[EventRounds "6"]
[EventCountry "CAN"]

1. e4 e6 2. d4 d5 3. Nc3 Nf6 4. Bg5 Be7 5. e5 Nfd7 6. Bxe7 Qxe7 7. f4 c5 8. Nb5
Na6 9. Nd6+ Kf8 10. Nf3 h6 11. c3 g6 12. Qd2 Nc7 13. Bd3 a6 14. g4 c4 15. Bc2
Nb6 16. h4 f5 17. h5 Ne8 18. Nh4 Rg8 19. Nxc8 Rxc8 20. Nxg6+ Rxg6 21. hxg6 1-0

[Event "CYCC U18"]
[Site "Regina CAN"]
[Date "2019.07.07"]
[Round "1.132"]
[White "Raninga, Aditya Himanshu"]
[Black "Li, Zeyu (Andrew)"]
[Result "1-0"]
[WhiteElo "2048"]
[BlackElo "1669"]
[PlyCount "67"]
[EventDate "2019.07.07"]
[EventType "tourn"]
[EventRounds "6"]
[EventCountry "CAN"]

1. e4 c5 2. Nf3 d6 3. d4 cxd4 4. Nxd4 Nf6 5. Nc3 a6 6. Bc4 e5 7. Nf5 Be6 8. Bd5
Nxd5 9. Nxd5 Nc6 10. c3 Bxf5 11. exf5 Ne7 12. Bg5 Qa5 13. Bxe7 Bxe7 14. O-O Bd8
15. a4 Qc5 16. Qf3 Rb8 17. Rad1 h5 18. Qg3 Kf8 19. Rfe1 Qc4 20. Ne3 Qc6 21. Rd5
Be7 22. a5 b6 23. axb6 Rxb6 24. Rd2 Qe4 25. f3 Qh4 26. Nd5 Qxg3 27. hxg3 Rb5
28. Ra1 a5 29. b4 Bd8 30. c4 Rb7 31. bxa5 f6 32. a6 Ra7 33. Rb2 Kf7 34. Rb7+
1-0

[Event "CYCC U18"]
[Site "Regina CAN"]
[Date "2019.07.07"]
[Round "2.131"]
[White "Anandji, Aaron"]
[Black "Li, Zeyu (Andrew)"]
[Result "1/2-1/2"]
[WhiteElo "1293"]
[BlackElo "1669"]
[PlyCount "72"]
[EventDate "2019.07.07"]
[EventType "tourn"]
[EventRounds "6"]
[EventCountry "CAN"]

1. d4 d5 2. Bf4 Bf5 3. e3 e6 4. Nf3 Bd6 5. Bg3 c5 6. c3 Bxg3 7. hxg3 Qb6 8. Qb3
Qxb3 9. axb3 cxd4 10. exd4 a6 11. Nbd2 Nc6 12. Nh4 Nge7 13. Nxf5 Nxf5 14. Bd3
g6 15. Nf3 Ke7 16. Kd2 h5 17. Rhe1 Kf6 18. Ne5 Nxe5 19. Rxe5 b5 20. Bxf5 gxf5
21. Rh1 Kg6 22. Ree1 Rab8 23. b4 Rb6 24. Ra1 f6 25. Rae1 Re8 26. Re2 e5 27.
Rhe1 e4 28. Ke3 Kg5 29. Rh1 Rb7 30. Ree1 Rh7 31. Ra1 Re6 32. Rh4 f4+ 33. Rxf4
f5 34. Rh4 Rf6 35. Rah1 Re6 36. R4h3 Rf6 1/2-1/2

[Event "CYCC U18"]
[Site "Regina CAN"]
[Date "2019.07.07"]
[Round "2.132"]
[White "Dokjnas, Joshua"]
[Black "Raninga, Aditya Himanshu"]
[Result "1-0"]
[WhiteElo "2349"]
[BlackElo "2048"]
[PlyCount "107"]
[EventDate "2019.07.07"]
[EventType "tourn"]
[EventRounds "6"]
[EventCountry "CAN"]

1. e4 Nc6 2. d4 e5 3. dxe5 Nxe5 4. Nf3 Nxf3+ 5. gxf3 g6 6. Nc3 Bg7 7. Qd3 a6 8.
h4 Ne7 9. Bg5 h6 10. Be3 d6 11. h5 Be6 12. Bd4 Bxd4 13. Qxd4 Rh7 14. O-O-O Nc6
15. Qe3 Qg5 16. f4 Qc5 17. Qxc5 dxc5 18. Rg1 Ne7 19. f5 gxf5 20. exf5 Bxf5 21.
Nd5 Kf8 22. Nf6 Rg7 23. Nd7+ Bxd7 24. Rxg7 Kxg7 25. Rxd7 Re8 26. Bd3 b5 27.
Rxc7 c4 28. Be4 Ng8 29. Bd5 Re7 30. Rxe7 Nxe7 31. Bb7 a5 32. Ba6 b4 33. Bxc4
Nf5 34. Bd3 Nd6 35. Kd2 Kf6 36. f4 Ke6 37. c3 Kd5 38. cxb4 axb4 39. Ke3 Kc5 40.
a3 Ne8 41. axb4+ Kxb4 42. Kd4 Kb3 43. Bc4+ Kxb2 44. Bxf7 Nd6 45. Bg6 Kb3 46.
Ke5 Nc4+ 47. Kf6 Ne3 48. Kg7 Ng4 49. Bf5 Ne3 50. Be6+ Kc3 51. f5 Nxf5+ 52. Bxf5
Kd4 53. Kxh6 Ke5 54. Kg6 1-0

[Event "CYCC U18"]
[Site "Regina CAN"]
[Date "2019.07.08"]
[Round "3.131"]
[White "Raninga, Aditya Himanshu"]
[Black "Anandji, Aaron"]
[Result "1-0"]
[WhiteElo "2048"]
[BlackElo "1293"]
[PlyCount "57"]
[EventDate "2019.07.07"]
[EventType "tourn"]
[EventRounds "6"]
[EventCountry "CAN"]

1. e4 e6 2. d3 d5 3. Nd2 dxe4 4. dxe4 Nc6 5. Ngf3 b6 6. g3 Bb7 7. Bg2 Be7 8. c3
Nf6 9. Qc2 Nd7 10. O-O Nce5 11. Nxe5 Nxe5 12. Nf3 Nxf3+ 13. Bxf3 O-O 14. Bf4
Qc8 15. Bg2 c5 16. Rad1 Rd8 17. Rxd8+ Bxd8 18. Rd1 Bc7 19. Bd6 Bxd6 20. Rxd6 e5
21. Qd2 g6 22. Qg5 Qe8 23. h4 Kg7 24. h5 h6 25. Qf6+ Kg8 26. hxg6 fxg6 27. Bh3
h5 28. Be6+ Kh7 29. Bf7 1-0

[Event "CYCC U18"]
[Site "Regina CAN"]
[Date "2019.07.08"]
[Round "3.132"]
[White "Li, Zeyu (Andrew)"]
[Black "Dokjnas, Joshua"]
[Result "0-1"]
[WhiteElo "1669"]
[BlackElo "2349"]
[PlyCount "62"]
[EventDate "2019.07.07"]
[EventType "tourn"]
[EventRounds "6"]
[EventCountry "CAN"]

1. e4 c5 2. Nf3 d6 3. d4 cxd4 4. Nxd4 Nf6 5. Nc3 a6 6. Be3 e5 7. Nb3 Be6 8. f3
Be7 9. Qd2 O-O 10. Be2 Nbd7 11. O-O-O b5 12. Kb1 Nb6 13. Bxb6 Qxb6 14. g4 b4
15. Nd5 Nxd5 16. exd5 Bd7 17. h4 a5 18. f4 a4 19. Nc1 exf4 20. Qxf4 Bf6 21. Bc4
Be5 22. Qf3 f5 23. g5 Rfc8 24. b3 axb3 25. cxb3 Ra3 26. Qe2 f4 27. Nd3 Bf5 28.
Kc1 Rxc4+ 29. bxc4 Qd4 30. Qh5 Qc3+ 31. Kb1 Qb2# 0-1

[Event "CYCC U18"]
[Site "Regina CAN"]
[Date "2019.07.08"]
[Round "4.131"]
[White "Anandji, Aaron"]
[Black "Dokjnas, Joshua"]
[Result "0-1"]
[WhiteElo "1293"]
[BlackElo "2349"]
[PlyCount "58"]
[EventDate "2019.07.07"]
[EventType "tourn"]
[EventRounds "6"]
[EventCountry "CAN"]

1. d4 f5 2. Bf4 Nf6 3. e3 d6 4. Nd2 g6 5. c3 Bg7 6. Qb3 e6 7. h3 O-O 8. Ngf3
Qe7 9. Bc4 Kh8 10. O-O-O Nc6 11. Be2 e5 12. dxe5 dxe5 13. Bh2 Rb8 14. Qc2 b5
15. a3 a5 16. Rdg1 Bd7 17. a4 bxa4 18. Qxa4 Nd4 19. Qd1 Ba4 20. Qf1 Rxb2 21.
Kxb2 Rb8+ 22. Ka2 Nd5 23. Qa1 Nc2 24. Nb1 Ndb4+ 25. cxb4 Nxa1 26. Nc3 Qxb4 27.
Rb1 Bb3+ 28. Kb2 Bg8+ 29. Kc1 Qxc3+ 0-1

[Event "CYCC U18"]
[Site "Regina CAN"]
[Date "2019.07.08"]
[Round "4.132"]
[White "Li, Zeyu (Andrew)"]
[Black "Raninga, Aditya Himanshu"]
[Result "0-1"]
[WhiteElo "1669"]
[BlackElo "2048"]
[PlyCount "64"]
[EventDate "2019.07.07"]
[EventType "tourn"]
[EventRounds "6"]
[EventCountry "CAN"]

1. e4 Nc6 2. d4 e5 3. d5 Nce7 4. f4 exf4 5. Bxf4 Ng6 6. Bg3 Bb4+ 7. c3 Bc5 8.
Nf3 d6 9. Nbd2 Nf6 10. h3 O-O 11. Nd4 Re8 12. Qf3 Bxd4 13. cxd4 Nxe4 14. O-O-O
Nxg3 15. Qxg3 Qf6 16. Bb5 Re7 17. Qc3 a6 18. Bc4 b5 19. Bb3 Nf4 20. Qc6 Rb8 21.
Ne4 Rxe4 22. Qxc7 Re8 23. Rhf1 Bg4 24. hxg4 Rbc8 25. Qc2 Rxc2+ 26. Bxc2 Qg5 27.
Kb1 g6 28. Rf3 Re7 29. Rdf1 Nxg2 30. Bb3 Re1+ 31. Rxe1 Nxe1 32. Rf1 Qd2 0-1

[Event "CYCC U18"]
[Site "Regina CAN"]
[Date "2019.07.09"]
[Round "5.131"]
[White "Li, Zeyu (Andrew)"]
[Black "Anandji, Aaron"]
[Result "1/2-1/2"]
[WhiteElo "1669"]
[BlackElo "1293"]
[PlyCount "144"]
[EventDate "2019.07.07"]
[EventType "tourn"]
[EventRounds "6"]
[EventCountry "CAN"]

1. e4 e6 2. d4 d5 3. Nc3 Bb4 4. e5 c5 5. a3 Ba5 6. Qg4 Bxc3+ 7. bxc3 Kf8 8. Nh3
Nc6 9. Ng5 h6 10. Nf3 Nge7 11. Bd3 c4 12. Be2 Ng6 13. h4 Bd7 14. h5 Nge7 15.
Qf4 Qa5 16. Bd2 Nd8 17. g4 Ba4 18. Rc1 Rc8 19. Nh4 Ke8 20. Rg1 Kd7 21. g5 Rc6
22. gxh6 gxh6 23. Qf6 Rh7 24. Rg7 Rxg7 25. Qxg7 Nf5 26. Nxf5 exf5 27. Qh7 f4
28. Qf5+ Ke8 29. Qxf4 Rb6 30. Qg3 Bd7 31. Kd1 Qxa3 32. Qg8+ Qf8 33. Qg2 Bc6 34.
Ra1 a6 35. Bc1 Qh8 36. Ra5 Ne6 37. f4 Rb1 38. Qg3 Qg7 39. Qxg7 Nxg7 40. Bf3 Nf5
41. Kd2 Rb5 42. Rxb5 axb5 43. Ba3 Ng7 44. Bg4 Bd7 45. Bf3 Bc6 46. Ke2 Nf5 47.
Kf2 Kd7 48. Bg4 Ke6 49. Bf8 f6 50. Bxh6 Bd7 51. Bg7 fxe5 52. Bxe5 Kf7 53. Ke1
Kg8 54. h6 Kh7 55. Bg7 Kg8 56. Kd2 b6 57. Bxf5 Bxf5 58. Bf6 Kh7 59. Bg5 Be4 60.
Kc1 Bf5 61. Kb2 Kg6 62. h7 Kxh7 63. Bd8 Kg6 64. Bxb6 Be4 65. Ka3 Kf5 66. Bc7
Bh1 67. Kb4 Be4 68. Kxb5 Bh1 69. Kc5 Be4 70. Be5 Bh1 71. Kd6 Be4 72. Ke7 Bh1
1/2-1/2

[Event "CYCC U18"]
[Site "Regina CAN"]
[Date "2019.07.09"]
[Round "5.132"]
[White "Raninga, Aditya Himanshu"]
[Black "Dokjnas, Joshua"]
[Result "0-1"]
[WhiteElo "2048"]
[BlackElo "2349"]
[PlyCount "120"]
[EventDate "2019.07.07"]
[EventType "tourn"]
[EventRounds "6"]
[EventCountry "CAN"]

1. e4 c5 2. Nf3 d6 3. d3 Nc6 4. g3 g6 5. Bg2 Bg7 6. c3 e5 7. Be3 Nge7 8. Qd2 f5
9. Bh6 O-O 10. h4 f4 11. Bxg7 Kxg7 12. h5 Bg4 13. hxg6 Nxg6 14. Na3 Qe7 15. Nh4
Qf6 16. f3 Be6 17. Nb5 Qe7 18. O-O-O a6 19. Na3 b5 20. b3 b4 21. Nb1 bxc3 22.
Nxc3 Nd4 23. Nxg6 hxg6 24. gxf4 exf4 25. Ne2 Bxb3 26. Rdg1 Be6 27. Nxd4 cxd4
28. Qb4 Qc7+ 29. Kd2 Qc5 30. Qb7+ Bf7 31. Rc1 Qg5 32. Rh2 Rab8 33. Qa7 Qa5+ 34.
Kd1 Qa4+ 35. Ke2 Qxa2+ 36. Kf1 Qb2 37. Re1 Rh8 38. Rxh8 Rxh8 39. Qxa6 Rh2 40.
Re2 Qc1+ 41. Re1 Qc3 42. Qxd6 Rxg2 43. Kxg2 Qxe1 44. Qxd4+ Kh7 45. Qf6 Qg3+ 46.
Kh1 Qh3+ 47. Kg1 Qg3+ 48. Kh1 Qxf3+ 49. Kg1 Qg3+ 50. Kh1 Qe1+ 51. Kh2 Qf2+ 52.
Kh1 Qf1+ 53. Kh2 Qf2+ 54. Kh1 Kg8 55. Qd8+ Kg7 56. e5 Qe1+ 57. Kh2 Qxe5 58. d4
Qe2+ 59. Kh1 f3 60. Qg5 f2 0-1

[Event "CYCC U18"]
[Site "Regina CAN"]
[Date "2019.07.09"]
[Round "6.131"]
[White "Anandji, Aaron"]
[Black "Raninga, Aditya Himanshu"]
[Result "0-1"]
[WhiteElo "1293"]
[BlackElo "2048"]
[PlyCount "62"]
[EventDate "2019.07.07"]
[EventType "tourn"]
[EventRounds "6"]
[EventCountry "CAN"]

1. d4 Nf6 2. Bf4 d6 3. e3 c6 4. Bd3 Qc7 5. c3 e5 6. Bg3 Be7 7. Nd2 a5 8. Bc2 b6
9. Ngf3 Nbd7 10. O-O Nh5 11. dxe5 dxe5 12. Ne4 Nxg3 13. Nxg3 O-O 14. Nf5 Bf6
15. Qb1 Nc5 16. Ng3 g6 17. e4 Ba6 18. Rd1 h5 19. h3 h4 20. Nf1 Be2 21. Rd2 Bxf3
22. gxf3 Ne6 23. Ne3 Rad8 24. Rxd8 Rxd8 25. Ng4 Kg7 26. Nxf6 Kxf6 27. Bd3 Ng5
28. Bf1 Nxf3+ 29. Kg2 Ng5 30. Qc2 Qc8 31. Kh2 Rd2 0-1

[Event "CYCC U18"]
[Site "Regina CAN"]
[Date "2019.07.09"]
[Round "6.132"]
[White "Dokjnas, Joshua"]
[Black "Li, Zeyu (Andrew)"]
[Result "1-0"]
[WhiteElo "2349"]
[BlackElo "1669"]
[PlyCount "53"]
[EventDate "2019.07.07"]
[EventType "tourn"]
[EventRounds "6"]
[EventCountry "CAN"]

1. e4 c5 2. Nf3 d6 3. d4 cxd4 4. Nxd4 Nf6 5. Nc3 a6 6. h3 e5 7. Nde2 b5 8. g4
Bb7 9. Bg2 b4 10. Nd5 Nxd5 11. exd5 Nd7 12. Ng3 Qc7 13. Be3 Rc8 14. Rc1 Qa5 15.
Qd2 Qxa2 16. b3 Qa5 17. O-O Nf6 18. Rfd1 h6 19. f4 exf4 20. Bxf4 Be7 21. Nf5
Kf8 22. Kh1 Ne8 23. Re1 Bg5 24. Bxg5 hxg5 25. Qxg5 Bxd5 26. Rxe8+ Kxe8 27. Qe7#
1-0